[Event "Lietuvos BM10-BM18"]
[Site "Vilnius"]
[Date "2021.06.05"]
[Round "7.2"]
[White "Jablokov, Dmitrij"]
[Black "Butvilas, Aistis"]
[Result "1/2-1/2"]
[WhiteElo "1964"]
[BlackElo "2115"]
[PlyCount "46"]
[EventDate "2021.??.??"]

1. Nf3 Nf6 2. g3 b5 3. Bg2 Bb7 4. O-O e6 5. d3 c5 6. e4 d6 7. a4 b4 8. Nbd2 Be7
9. b3 O-O 10. Bb2 e5 11. Nc4 Nc6 12. Nfd2 Nd4 13. Ne3 Ne8 14. Ndc4 Nc7 15. Na5
Bc8 16. Bxd4 exd4 17. Nc6 Qd7 18. Nd5 Nxd5 19. exd5 Bf6 20. Re1 Ba6 21. Qd2
Rae8 22. Rxe8 Rxe8 23. Re1 Rxe1+ 1/2-1/2

[Event "Lietuvos BM10-BM18"]
[Site "Vilnius"]
[Date "2021.06.05"]
[Round "7.3"]
[White "Aleknavicius, Andrius"]
[Black "Bagdanskis, Dangis"]
[Result "1/2-1/2"]
[WhiteElo "1990"]
[BlackElo "1945"]
[PlyCount "46"]
[EventDate "2021.??.??"]

1. d4 Nf6 2. Bf4 d6 3. Nc3 g6 4. e4 Bg7 5. Qd2 h6 6. O-O-O g5 7. Be3 Ng4 8. Nf3
Nd7 9. e5 dxe5 10. dxe5 Ngxe5 11. Bd4 Nxf3 12. gxf3 Bxd4 13. Qxd4 Rg8 14. Bh3
a5 15. Rhe1 Ra6 16. Ne4 e6 17. Bf5 Kf8 18. Bh3 Qe7 19. Qc3 Rc6 20. Qxa5 Kg7 21.
Ng3 Qc5 22. Qd2 Nf6 23. c3 Rd6 1/2-1/2

[Event "Lietuvos BM10-BM18"]
[Site "Vilnius"]
[Date "2021.06.05"]
[Round "7.4"]
[White "Staskeviciute, Darija"]
[Black "Ravlusevic, Evelina"]
[Result "1/2-1/2"]
[WhiteElo "1564"]
[BlackElo "1749"]
[PlyCount "95"]
[EventDate "2021.??.??"]

1. d4 Nf6 2. c4 c5 3. d5 b5 4. cxb5 a6 5. bxa6 g6 6. Nc3 Bg7 7. Nf3 O-O 8. e4
d6 9. Bd3 Bxa6 10. O-O Nbd7 11. Bxa6 Rxa6 12. Qe2 Qa8 13. a3 Rb8 14. Nd1 Ng4
15. h3 Nge5 16. Nxe5 Nxe5 17. Bd2 c4 18. Bc3 Nd3 19. Bxg7 Kxg7 20. Qc2 Ra4 21.
Rb1 Rb3 22. Ne3 Qa6 23. Rfd1 Qb5 24. Rd2 h5 25. h4 Nc5 26. Rc1 Nd3 27. Rb1 Ne5
28. Rc1 Qb6 29. Rcd1 Qb5 30. Rc1 Nd3 31. Rb1 Kh7 32. Kh1 Kg7 33. Kg1 Kg8 34.
Kh1 Nxf2+ 35. Rxf2 Rxe3 36. Rbf1 f6 37. Rf3 Rb3 38. e5 f5 39. exd6 exd6 40.
Rxb3 cxb3 41. Qc8+ Kg7 42. Qc7+ Kh6 43. Qc1+ Kg7 44. Qc7+ Kg8 45. Qc8+ Kg7 46.
Qc7+ Kh6 47. Qc1+ Kg7 48. Qc7+ 1/2-1/2

[Event "Lietuvos BM10-BM18"]
[Site "Vilnius"]
[Date "2021.06.05"]
[Round "7.6"]
[White "Posaskov, Nikita"]
[Black "Povilaitis, Tomas"]
[Result "0-1"]
[WhiteElo "1798"]
[BlackElo "1903"]
[PlyCount "93"]
[EventDate "2021.??.??"]

1. Nf3 Nf6 2. g3 d5 3. Bg2 e6 4. O-O Be7 5. d4 O-O 6. c4 b6 7. Qc2 c5 8. dxc5
bxc5 9. Ne5 Bb7 10. Nc3 Nbd7 11. Nxd7 Qxd7 12. b3 d4 13. Bxb7 Qxb7 14. Na4 Nd7
15. Nb2 f5 16. f4 Nf6 17. Nd3 Ne4 18. Bb2 Rad8 19. e3 a5 20. exd4 cxd4 21. Rad1
Qa7 22. Kh1 Bc5 23. a3 Qb7 24. Kg1 Ba7 25. b4 Rf6 26. c5 Rh6 27. Qg2 axb4 28.
axb4 Qb5 29. Qf3 Bb8 30. Ra1 Nd2 31. Qe2 Nxf1 32. Qxf1 Rf6 33. Qf3 Rf7 34. Ra5
Qc4 35. b5 Ra7 36. Rxa7 Bxa7 37. b6 Bb8 38. c6 Rc8 39. c7 Bxc7 40. bxc7 Rxc7
41. Qe2 Rb7 42. Qf3 Rb8 43. Ne5 Qc2 44. Nd3 h6 45. Kf1 Rb3 46. Qd5 Kh7 47. Qa8
0-1

[Event "Lietuvos BM10-BM18"]
[Site "Vilnius"]
[Date "2021.06.05"]
[Round "7.7"]
[White "Norkeliunas, Matas"]
[Black "Greicius, Pijus"]
[Result "1/2-1/2"]
[WhiteElo "1533"]
[BlackElo "2004"]
[PlyCount "74"]
[EventDate "2021.??.??"]

1. e4 e5 2. Nf3 Nc6 3. Bc4 Nf6 4. d3 Bc5 5. c3 a6 6. a4 d6 7. O-O Ba7 8. Be3
Bxe3 9. fxe3 O-O 10. Nbd2 Ne7 11. Qb3 c6 12. d4 Ng6 13. dxe5 dxe5 14. Rad1 Qe7
15. Qa2 a5 16. h3 Nd7 17. Rf2 Nc5 18. Rdf1 Ne6 19. Ne1 Qg5 20. Nc2 Qe7 21. Ne1
Qc5 22. Nc2 b5 23. axb5 cxb5 24. Bd5 Ra7 25. Nb3 Qb6 26. Qa3 a4 27. Nd2 Rc7 28.
c4 f6 29. b3 Bd7 30. bxa4 bxa4 31. Rb1 Qa7 32. Qd6 Re8 33. Rb6 Ngf8 34. Rf1 Kh8
35. Rfb1 Nc5 36. Bf7 Rec8 37. Bd5 Re8 1/2-1/2

[Event "Lietuvos BM10-BM18"]
[Site "Vilnius"]
[Date "2021.06.05"]
[Round "7.8"]
[White "Raugevicius, Matas"]
[Black "Leclere, Daniel"]
[Result "0-1"]
[WhiteElo "1216"]
[BlackElo "1800"]
[PlyCount "94"]
[EventDate "2021.??.??"]

1. e4 e5 2. Nf3 Nc6 3. Bb5 a6 4. Ba4 Nf6 5. O-O Be7 6. Re1 b5 7. Bb3 Bb7 8. Nc3
d6 9. Nd5 Nxd5 10. Bxd5 Rb8 11. d4 exd4 12. Nxd4 Ne5 13. Bxb7 Rxb7 14. f4 Ng6
15. Nc6 Qd7 16. Nxe7 Nxe7 17. b3 O-O 18. Bb2 c5 19. a4 b4 20. Qd3 a5 21. Rad1
Rb6 22. Qc4 Qe6 23. Qd3 f6 24. Re3 Rc8 25. Qc4 Kf7 26. Qxe6+ Kxe6 27. Rh3 h6
28. Rh5 Ra6 29. Kf2 c4 30. Ke2 cxb3 31. cxb3 Raa8 32. Bd4 d5 33. Bb6 Rc2+ 34.
Rd2 Rxd2+ 35. Kxd2 g6 36. Rxh6 dxe4 37. g4 Nd5 38. Be3 Rc8 39. Bd4 Nxf4 40. Ke3
Kd5 41. Bxf6 Ng2+ 42. Kd2 e3+ 43. Kd3 Re8 44. Bg5 e2 45. Bd2 Re3+ 46. Kc2 Rc3+
47. Kb2 Rd3 0-1

[Event "Lietuvos BM10-BM18"]
[Site "Vilnius"]
[Date "2021.06.05"]
[Round "7.10"]
[White "Paknyte, Elzbieta"]
[Black "Sukyte, Kotryna"]
[Result "0-1"]
[WhiteElo "1327"]
[BlackElo "1475"]
[PlyCount "60"]
[EventDate "2021.??.??"]

1. b3 Nf6 2. Bb2 g6 3. Nf3 Bg7 4. e3 d6 5. Bd3 e5 6. e4 O-O 7. Nc3 Nc6 8. Qe2
Nb4 9. O-O-O Nxd3+ 10. Qxd3 Bd7 11. h3 a5 12. g4 a4 13. b4 a3 14. Ba1 Ra6 15.
g5 Nh5 16. Ne2 Be6 17. c4 Bxc4 18. Qe3 Bxa2 19. d3 Qd7 20. Kd2 Qb5 21. Bc3 Be6
22. Rc1 Qb6 23. Ke1 Qxe3 24. fxe3 f6 25. gxf6 Nxf6 26. Rh2 Nxe4 27. Nd2 Nxc3
28. Rxc3 a2 29. Rc1 a1=Q 30. Rxa1 Rxa1+ 0-1

[Event "Lietuvos BM10-BM18"]
[Site "Vilnius"]
[Date "2021.06.05"]
[Round "7.11"]
[White "Pidluznij, Gleb"]
[Black "Uckuronis, Aleksandras"]
[Result "1-0"]
[WhiteElo "2016"]
[BlackElo "1295"]
[PlyCount "64"]
[EventDate "2021.??.??"]

1. e4 Nf6 2. e5 Nd5 3. d4 d6 4. c4 Nb6 5. exd6 exd6 6. Nc3 Bf5 7. Bd3 Bxd3 8.
Qxd3 Be7 9. Nge2 Nc6 10. O-O O-O 11. b3 Bf6 12. Be3 Re8 13. h3 a6 14. d5 Ne5
15. Qd2 Nc8 16. Bd4 Nd7 17. Ng3 Bxd4 18. Qxd4 Qf6 19. Qd2 Ne7 20. Nge4 Qg6 21.
Rae1 Nf5 22. Kh2 h6 23. f4 Nf6 24. g4 Nxe4 25. Nxe4 Ne7 26. f5 Qh7 27. f6 Nc8
28. Ng5 Rxe1 29. Rxe1 Nb6 30. Nxh7 Kxh7 31. fxg7 Kxg7 32. Re7 Rf8 1-0

[Event "Lietuvos BM10-BM18"]
[Site "Vilnius"]
[Date "2021.06.05"]
[Round "7.12"]
[White "Milius, Ignas"]
[Black "Praspaliauskas, Matas"]
[Result "1/2-1/2"]
[WhiteElo "1331"]
[BlackElo "1256"]
[PlyCount "87"]
[EventDate "2021.??.??"]

1. d4 Nf6 2. Bf4 d6 3. e3 g6 4. h3 Bg7 5. Nf3 O-O 6. c3 b6 7. Be2 Bb7 8. O-O
Nbd7 9. a4 Qe8 10. Bh2 e5 11. Re1 Qe7 12. Na3 Rad8 13. a5 e4 14. Nd2 c6 15.
Nac4 Ne8 16. axb6 axb6 17. Ra7 Rb8 18. Qb3 b5 19. Qb4 bxc4 20. Rxb7 Rxb7 21.
Qxb7 d5 22. Qxc6 Qe6 23. Qxe6 fxe6 24. Bg4 Kf7 25. b3 cxb3 26. Nxb3 Nef6 27.
Be2 Rc8 28. Rc1 Nb6 29. Nc5 Bf8 30. Nb7 Ne8 31. Na5 Bb4 32. Nb7 Bxc3 33. Nc5
Bb4 34. Rb1 Bxc5 35. dxc5 Na4 36. Rb7+ Kg8 37. Be5 Nxc5 38. Re7 Nd3 39. Rxe6
Nxe5 40. Rxe5 Nf6 41. g4 Rd8 42. Bb5 Kf7 43. g5 Ng8 44. Bc6 1/2-1/2

[Event "Lietuvos BM10-BM18"]
[Site "Vilnius"]
[Date "2021.06.05"]
[Round "7.13"]
[White "Rudzkis, Vilius"]
[Black "Linkevicius, Vilius"]
[Result "1-0"]
[WhiteElo "1811"]
[BlackElo "1079"]
[PlyCount "109"]
[EventDate "2021.??.??"]

1. d4 d5 2. c4 e6 3. Nc3 a6 4. e3 dxc4 5. Bxc4 b5 6. Bb3 Nf6 7. Nf3 Nbd7 8. O-O
Be7 9. e4 Nb6 10. Bc2 Bb7 11. Re1 h6 12. a3 c5 13. d5 exd5 14. e5 Nfd7 15. e6
Nf6 16. exf7+ Kxf7 17. Ne5+ Kg8 18. Qe2 Bd6 19. Ng6 Qd7 20. Bd2 Qf7 21. Nxh8
Kxh8 22. Bf5 Nbd7 23. Qf3 Ne5 24. Qh3 Ned7 25. Re6 Bf8 26. Rae1 Kg8 27. Rxf6
Qxf6 28. Bxd7 Kh8 29. Qe6 Qxe6 30. Bxe6 d4 31. Nd5 c4 32. Nf4 Bc5 33. Rc1 Re8
34. Bf7 Rc8 35. Bb4 Bxb4 36. axb4 d3 37. Bh5 Rd8 38. Kf1 g5 39. Ne6 Rd6 40. Nc5
Ba8 41. Bf3 Bxf3 42. gxf3 Rc6 43. Ne4 Kg7 44. Ke1 Kg6 45. Kd2 Kf5 46. Ke3 Re6
47. h3 Re8 48. Ra1 Re6 49. Rc1 Re8 50. Rc3 Ke5 51. b3 Rc8 52. bxc4 bxc4 53. Nc5
Rd8 54. Kd2 Kd4 55. Ne6+ 1-0

[Event "Lietuvos BM10-BM18"]
[Site "Vilnius"]
[Date "2021.06.05"]
[Round "7.14"]
[White "Cibulskyte, Smilte"]
[Black "Griksaite, Egle"]
[Result "1-0"]
[WhiteElo "1033"]
[BlackElo "1318"]
[PlyCount "161"]
[EventDate "2021.??.??"]

1. e4 c5 2. Nf3 Nc6 3. Bb5 g6 4. O-O Bg7 5. d3 a6 6. Bxc6 bxc6 7. Nc3 e6 8. Be3
Bxc3 9. bxc3 c4 10. Bd4 Nf6 11. Ne5 cxd3 12. cxd3 O-O 13. Qf3 Bb7 14. Nxc6 Bxc6
15. Bxf6 Qa5 16. Qe3 Qh5 17. Kh1 g5 18. Qxg5+ Qxg5 19. Bxg5 f6 20. Be3 Kf7 21.
f3 Bb5 22. c4 Ba4 23. Rab1 Bc2 24. Rb7 Ke8 25. Rf2 Ba4 26. Rfb2 Kf7 27. Kg1 Kg6
28. d4 f5 29. R7b4 Bd1 30. Rd2 a5 31. Rb6 Ba4 32. exf5+ Rxf5 33. d5 Kf7 34.
dxe6+ dxe6 35. Rb7+ Kg6 36. Rd6 Re8 37. Rbb6 Kf7 38. c5 Re5 39. Bd4 Re1+ 40.
Kf2 Rc1 41. c6 Rc8 42. Rb7+ Kf8 43. Rxe6 Bxc6 44. Rxh7 Bd5 45. Rd6 Bxa2 46.
Rh8+ Ke7 47. Ra6 Rxh8 48. Bxh8 Rc5 49. Bd4 Rc4 50. Be3 Rc2+ 51. Kg3 Be6 52.
Rxa5 Kf6 53. h4 Bc4 54. Rc5 Kg7 55. Kf4 Kg6 56. Ke5 Re2 57. Rxc4 Rxe3+ 58. Re4
Ra3 59. g4 Rxf3 60. Rf4 Re3+ 61. Kd4 Ra3 62. Ke4 Ra4+ 63. Kf3 Ra3+ 64. Kg2 Ra2+
65. Kg3 Ra3+ 66. Rf3 Ra5 67. Re3 Ra6 68. Kf4 Rf6+ 69. Kg3 Ra6 70. Re5 Rb6 71.
h5+ Kh6 72. Kh4 Rb4 73. Re6+ Kg7 74. h6+ Kf7 75. Rc6 Rb1 76. Kh5 Rh1+ 77. Kg5
Rg1 78. Rc4 Rg2 79. Rf4+ Kg8 80. Kg6 Rh2 81. Rf7 1-0

[Event "Lietuvos BM10-BM18"]
[Site "Vilnius"]
[Date "2021.06.05"]
[Round "7.17"]
[White "Misiuk, Martynas"]
[Black "Ser, Daniel"]
[Result "1-0"]
[WhiteElo "1627"]
[BlackElo "1347"]
[PlyCount "45"]
[EventDate "2021.??.??"]

1. e4 e6 2. d4 d5 3. Bd3 dxe4 4. Bxe4 Nf6 5. Bf3 c5 6. Ne2 Nc6 7. Be3 cxd4 8.
Nxd4 Ne5 9. O-O Be7 10. Nc3 O-O 11. Qe2 Nxf3+ 12. Qxf3 e5 13. Nf5 Be6 14. Rad1
Qe8 15. Rfe1 Rd8 16. Rxd8 Qxd8 17. Rd1 Qe8 18. Bg5 Nd5 19. Nxe7+ Nxe7 20. Qxb7
f6 21. Be3 Nc6 22. Bc5 Rf7 23. Qxc6 1-0

[Event "Lietuvos BM10-BM18"]
[Site "Vilnius"]
[Date "2021.06.05"]
[Round "7.18"]
[White "Vaiciunas, Giedrius"]
[Black "Bazilius, Augustinas"]
[Result "0-1"]
[WhiteElo "1460"]
[BlackElo "1683"]
[PlyCount "82"]
[EventDate "2021.??.??"]

1. d4 Nf6 2. c4 c5 3. d5 b5 4. cxb5 a6 5. bxa6 Bxa6 6. Nc3 g6 7. e4 d6 8. Bxa6
Nxa6 9. Nge2 Bg7 10. O-O O-O 11. f3 Qb6 12. Kh1 Rfb8 13. Rb1 Rb7 14. Be3 Qa5
15. Qd2 Rab8 16. g3 Nc7 17. a3 Nd7 18. f4 Rb3 19. Qc2 Qb6 20. Bc1 Qa6 21. Rd1
Qc4 22. Qd3 Qxd3 23. Rxd3 Nb5 24. Bd2 Nxa3 25. bxa3 Rxb1+ 26. Nxb1 Rxb1+ 27.
Bc1 c4 28. Rd2 Nc5 29. Rc2 Nd3 30. Rxc4 Bb2 31. Rc8+ Kg7 32. Kg2 Nxc1 33. Nxc1
Rxc1 34. Ra8 Rc2+ 35. Kh3 Rc4 36. e5 dxe5 37. fxe5 Bxe5 38. Ra5 Bd6 39. a4 Rc5
40. Rb5 Rxb5 41. axb5 Kf6 0-1

[Event "Lietuvos BM10-BM18"]
[Site "Vilnius"]
[Date "2021.06.05"]
[Round "7.20"]
[White "Jelagaite, Irena Andrea"]
[Black "Ovcinikova, Auguste"]
[Result "0-1"]
[WhiteElo "1124"]
[BlackElo "1177"]
[PlyCount "134"]
[EventDate "2021.??.??"]

1. e4 c6 2. d4 d5 3. exd5 cxd5 4. Nf3 Bf5 5. Bd3 Bg6 6. Bxg6 hxg6 7. Be3 Nf6 8.
Nc3 e6 9. a3 Bd6 10. h3 Nc6 11. Bg5 Bc7 12. Qe2 Ba5 13. b4 Bb6 14. Rd1 O-O 15.
O-O Re8 16. Ne5 Nxd4 17. Qd3 Nf5 18. Nf3 Ng3 19. Rfe1 Nge4 20. Nxe4 dxe4 21.
Qxd8 Raxd8 22. Nd2 Kf8 23. Bxf6 gxf6 24. Nxe4 Rxd1 25. Rxd1 f5 26. Ng3 Rc8 27.
Rc1 Rc3 28. a4 Bd8 29. Ne2 Rc4 30. c3 b6 31. Rd1 Ke8 32. Rd4 Rc7 33. Kf1 Bf6
34. Rd3 Rc4 35. Ke1 a5 36. Rd6 axb4 37. cxb4 Rxb4 38. Kd2 Ke7 39. Rc6 Kd7 40.
Rc2 Rxa4 41. Kd3 b5 42. Rc1 Ra3+ 43. Kc2 b4 44. Rb1 Bc3 45. Kc1 Ra2 46. Nxc3
bxc3 47. Rb7+ Ke8 48. Rb8+ Ke7 49. Rb7+ Kf6 50. Rc7 Rxf2 51. Rxc3 Rxg2 52. Kd1
Rg5 53. Ke2 Rh5 54. Kf2 g5 55. Kg2 g4 56. hxg4 fxg4 57. Re3 Kf5 58. Kf2 Kf4 59.
Ra3 e5 60. Ra4+ e4 61. Ra3 Rh3 62. Ra4 Rh2+ 63. Kg1 g3 64. Ra3 e3 65. Ra4+ Kf3
66. Ra3 Rd2 67. Kf1 Rd1# 0-1

[Event "Lietuvos BM10-BM18"]
[Site "Vilnius"]
[Date "2021.06.05"]
[Round "7.21"]
[White "Dijokas, Jokubas"]
[Black "Kavalnis, Rytis"]
[Result "1/2-1/2"]
[WhiteElo "1209"]
[BlackElo "1347"]
[PlyCount "100"]
[EventDate "2021.??.??"]

1. e4 e5 2. Nf3 Nc6 3. Bb5 a6 4. Ba4 Nf6 5. d4 Nxe4 6. Qe2 b5 7. Bb3 d5 8. dxe5
Be7 9. h3 Be6 10. Bf4 h6 11. c3 Nc5 12. Bc2 Qd7 13. Nd4 Nxd4 14. cxd4 Nb7 15.
a4 b4 16. a5 c6 17. Nd2 Bf5 18. Bd1 O-O 19. Nb3 c5 20. dxc5 Nxc5 21. Nxc5 Bxc5
22. Qd2 Qb7 23. Bf3 Be6 24. O-O Rad8 25. Qd3 f6 26. Qg6 Qf7 27. Qg3 g5 28. exf6
Qxf6 29. Be5 Qg6 30. Be2 Bf5 31. Rac1 Rc8 32. Kh1 h5 33. b3 Rfd8 34. Bb2 Re8
35. Bf3 d4 36. Bd5+ Kh7 37. Qh2 Bd6 38. g3 d3 39. Rfd1 Be4+ 40. Bxe4 Qxe4+ 41.
Qg2 Rxc1 42. Qxe4+ Rxe4 43. Bxc1 Rd4 44. Bxg5 Kg6 45. Be3 Rd5 46. Bb6 Be5 47.
Kg2 Bc3 48. Kf1 h4 49. g4 Kg5 50. Kg2 Kf4 1/2-1/2

[Event "Lietuvos BM10-BM18"]
[Site "Vilnius"]
[Date "2021.06.05"]
[Round "7.22"]
[White "Remeika, Vytenis"]
[Black "Norkeliunas, Sarunas"]
[Result "0-1"]
[WhiteElo "1143"]
[BlackElo "1168"]
[PlyCount "42"]
[EventDate "2021.??.??"]

1. c4 e6 2. Nc3 d5 3. b3 c5 4. cxd5 exd5 5. d4 Nf6 6. e3 cxd4 7. exd4 Bb4 8.
Nge2 O-O 9. g3 Ne4 10. Qc2 Bg4 11. Bd2 Nxd2 12. Kxd2 Qa5 13. Rc1 Rc8 14. Qb2
Ba3 15. Qb1 Bxc1+ 16. Qxc1 Nc6 17. Kd1 Nxd4 18. Qf4 Qxc3 19. Qxg4 Nxe2 20. Kxe2
Re8+ 21. Kd1 Re1# 0-1